Načítá se...
Window on Russia /
| Hlavní autor: | |
|---|---|
| Médium: | Printed Book |
| Jazyk: | English |
| LEADER | 00320nam a2200097Ia 4500 | ||
|---|---|---|---|
| 008 | 150624b xxu||||| |||| 00| 0 eng d | ||
| 100 | |a Wilson, Edmund | ||
| 245 | |a Window on Russia / |c Edmund Wilson | ||
| 942 | |c BK | ||
| 999 | |c 60267 |d 60267 | ||
| 952 | |0 0 |1 0 |4 0 |7 0 |9 60244 |a UL |b UL |c ST1 |d 2012-10-27 |l 1 |m 1 |p D1284 |r 2021-11-15 |s 2021-09-14 |w 2012-10-27 |y BK | ||